| 000 | 00876nam a2200217Ia 4500 | ||
|---|---|---|---|
| 001 | 14493 | ||
| 005 | 20260319164456.0 | ||
| 008 | 260306t2017||||xx |||||||||||||| ||spa|| | ||
| 041 | _aESP | ||
| 082 |
_a515.1 _bS98 |
||
| 100 |
_aSwokowski, Earl W. _eAUT |
||
| 245 | 0 |
_aPrecálculo: _bálgebra y trigonometría con geometría analítica |
|
| 260 | _c2017 | ||
| 300 |
_avarias paginaciones : : _c27 cm. |
||
| 650 | _aGEN | ||
| 654 | _aCMA | ||
| 856 |
_uhttps://itmsp.museknowledge.com/UCSP?url=https://www.ebooks7-24.com:443/?il=5081&pg=1 _zVersión digital (2018) |
||
| 856 |
_uhttps://0u213t7ux-y-https-ebooks7--24-com.itmsp.museknowledge.com/biblioteca.aspx _zVéase además: Base de datos Ebook7-24 |
||
| 856 |
_uhttps://0u20ft7v1-y-https-research-ebsco-com.itmsp.museknowledge.com/c/qxo6us/search _zVéase además: Base de datos EBSCOhost |
||
| 942 |
_cLIB _dJUS _fJUS _2ddc |
||
| 999 |
_c14493 _d14493 |
||